Historia de las ideas políticas (Registro nro. 5694)
[ vista simple ]
| 000 -LEADER | |
|---|---|
| fixed length control field | 01367 a2200217 4500 |
| 001 - CONTROL NUMBER | |
| control field | 54620 |
| 005 - DATE AND TIME OF LATEST TRANSACTION | |
| control field | 20260407155821.0 |
| 008 - FIXED-LENGTH DATA ELEMENTS--GENERAL INFORMATION | |
| fixed length control field | 260407a1988 arg spa d |
| 003 - CONTROL NUMBER IDENTIFIER | |
| control field | AR-UNSa-BCEJYS |
| 040 ## - CATALOGING SOURCE | |
| Original cataloging agency | AR-UNSa-BCEJYS |
| Language of cataloging | spa |
| Transcribing agency | AR-UNSa-BCEJYS |
| 080 ## - UNIVERSAL DECIMAL CLASSIFICATION NUMBER | |
| Universal Decimal Classification number | 94:32 |
| Common auxiliary subdivision | Historia Política |
| 020 ## - INTERNATIONAL STANDARD BOOK NUMBER | |
| International Standard Book Number | 84-309-0734-3 |
| 100 1# - MAIN ENTRY--PERSONAL NAME | |
| Personal name | Touchard, Jean |
| 245 10 - TITLE STATEMENT | |
| Title | Historia de las ideas políticas |
| 250 ## - EDITION STATEMENT | |
| Edition statement | 5a. ed. |
| 264 #1 - PRODUCTION, PUBLICATION, DISTRIBUTION, MANUFACTURE, AND COPYRIGHT NOTICE | |
| Place of production, publication, distribution, manufacture | Madrid : |
| Name of producer, publisher, distributor, manufacturer | Tecnos |
| Date of production, publication, distribution, manufacture, or copyright notice | 1988 |
| 300 ## - PHYSICAL DESCRIPTION | |
| Extent | 658 p. |
| Dimensions | 23,5 cm. |
| 505 ## - FORMATTED CONTENTS NOTE | |
| Formatted contents note | 1. Gerencia y el mundo helenístico – 2. Roma y los comienzos del cristianismo – 3. La Alta Edad Media: un empirismo hipocrático – 4. La Edad Media: el poder pontificio entre los antiguos y los nuevos poderes – 5. El ocaso de la Edad Media (siglo XIV y XV) – 6. La renovación de las ideas en las luchas políticas del siglo XVI – 7. Victorias del absolutismo – 8. Ocaso del absolutismo – 9. El siglo de las luces – 10. El pensamiento revolucionario – 11. Reflexiones sobre la revolución – 12. El movimiento de las ideas políticas hasta 1848 – 13. La posteridad de Hegel y la formación del marxismo – 14. El marxismo – 15. Liberalismo, tradicionalismo, imperialismo (1848-1914). El positivismo político – 16. Socialismo y movimiento revolucionario – 17. El siglo XX. |
| 590 ## - LOCAL NOTE (RLIN) | |
| Local note | niveau_biblio:m niveau_hierar:0 |
| 942 ## - ADDED ENTRY ELEMENTS (KOHA) | |
| Koha item type | |
| Withdrawn status | Lost status | Damaged status | Not for loan | Home library | Current library | Shelving location | Date acquired | Total checkouts | Full call number | Barcode | Date last seen | Price effective from | Koha item type |
|---|---|---|---|---|---|---|---|---|---|---|---|---|---|
| Biblioteca Prof. Eusebio Cleto del Rey | Biblioteca Prof. Eusebio Cleto del Rey | 07/04/2026 | 94:32 T722 | L53275 | 07/04/2026 | 07/04/2026 | Libro |